LIBRARY & INFORMATION CENTRE, KCAET, TAVANUR

ONLINE PUBLIC ACCESS CATALOGUE (OPAC)

Text book of fluid mechanics / (Record no. 7467)

MARC details
000 -LEADER
fixed length control field 00456cam a2200193ua 4500
041 ## - LANGUAGE CODE
Language code of text/sound track or separate title eng
082 ## - DEWEY DECIMAL CLASSIFICATION NUMBER
Classification number 532
Item number KHU/TE
100 ## - MAIN ENTRY--AUTHOR NAME
Personal name Khurmi, R S.
245 ## - TITLE STATEMENT
Title Text book of fluid mechanics /
250 ## - EDITION STATEMENT
Edition statement 1 /
260 ## - PUBLICATION, DISTRIBUTION, ETC. (IMPRINT)
Place of publication New Delhi :
Name of publisher S.Chand and Co ,
Year of publication 1995.
300 ## - PHYSICAL DESCRIPTION
Number of Pages 639 ; .
942 ## - ADDED ENTRY ELEMENTS (KOHA)
Koha item type Books
Holdings
Withdrawn status Lost status Damaged status Home library Current library Date acquired Cost, normal purchase price Full call number Accession Number Koha item type
      KAUAET KAUAET 07/04/2012 90.00 532 KHU/TE 19280 Books
      KAUAET KAUAET 07/04/2012 90.00 532 KHU/TE 19279 Books
      KAUAET KAUAET 11/02/2025 90.00 532 KHU/TE 19281 Books
free website counter